00887nam a2200205 i 4500001000700000003000700007005001700014008004100031080002300072100003400095245016500129250001200294260003200306300004100338490007100379600002900450700002600479830007100505852010500576189131SpMaBN20251015063159.0190403s1956 sp f |||| |bspa d a929 Miguel Ángel1 aPapini, Giovanni, d1881-195610aVida de Miguel Ángel en la vida de su tiempo / cGiovanni Papini ; traducción del italiano y nota preliminar por Carlos Povo Domingo ; con 33 ilustraciones. a3ª ed. aMadrid : bAguilar, c1956. a769 p., [33] p. de lám. ; c20 cm.1 aColección literaria: novelistas, dramaturgos, ensayistas, poetas04aMichelangelo,d1475-15641 aPovo Domingo, Carlos.0 aColección literaria: novelistas, dramaturgos, ensayistas, poetas aES-MaACLjL-32293 z- Enc. cart. z. - Donat. herederos de la bibl. de Mª del Pilar Costa Palacín